000 00238nam a2200097Ia 4500
001 1219985
005 20250827092802.0
008 250824s9999 xx 000 0 und d
245 0 _aANNA KARENİNA 1
_cL.N. TOLSTOY
260 _bMEB YAYINLARI
999 _c1219985
_d1219985